| 000 | 00411nam a22001457a 4500 | ||
|---|---|---|---|
| 999 |
_c7853 _d7853 |
||
| 003 | OSt | ||
| 005 | 20200526161522.0 | ||
| 008 | 200526b ||||| |||| 00| 0 eng d | ||
| 020 | _a9781781575109 | ||
| 082 |
_a771 _bKAM |
||
| 100 | _aKamps, Haje Jan | ||
| 245 |
_aBeginner's guide to photography/ no jargon--just great photos _bo jargon--just great photos |
||
| 260 |
_aNew York _bOctopus Books _c2017 |
||
| 942 | _2ddc | ||